000
00326nam a2200133Ia 4500
008
210210b1971 xxu||||| |||| 00| 0 eng d
082
_a
364 EYSC
100
_a
EYSENCK (H J).
245
_a
Crime and personality.
260
_a
London
_b
Granada publishing ltd
_c
1971
300
_a
211
690
_a
Criminology
906
_a
030416
999
_c
81572
_d
81572